Múdenos tan triste suerte: sobre el romance de Luis Miranda

Saved in:
Bibliografiske detaljer
Hovedforfatter: Curia, Beatriz (Author)
Format: Bog
Sprog:spansk
Udgivet: Mendoza Universidad Nacional de Cuyo 1987
Fag:
Tags: Tilføj Tag
Ingen Tags, Vær først til at tagge denne postø!

MARC

LEADER 00000nam a2200000 a 4500
001 UCX2766
003 CL-VaPUC
008 910808e19870000AG |||||||||||||||||spa|d
082 0 4 |a Ar861.09  |b CUR  |2 21 
100 0 |a Curia, Beatriz  |e author  |9 318849 
245 1 0 |a Múdenos tan triste suerte: sobre el romance de Luis Miranda 
300 |a 121 p 
942 |c BK 
945 |d 19910808 00:00:00 
260 |a Mendoza  |b Universidad Nacional de Cuyo  |c 1987 
650 0 |a Poesía argentina  |9 265575 
650 0 |a Crítica e interpretación   |9 255042 
583 |a last modification  |c 19910808 00:00:00  |k Rodrigo Vera 
999 |c 223714  |d 223712 
952 |0 0  |1 0  |4 0  |6 AR_861_090000000000000_CUR_1987  |7 0  |8 A  |9 219757  |a BIBEDU  |b BIBEDU  |d 2019-11-15  |i 2884542  |o Ar861.09 CUR 1987  |p 2884542  |r 2019-11-15  |w 2019-11-15  |y BK  |k LIT 
952 |0 0  |1 0  |4 0  |6 AR_861_090000000000000_CUR_1987  |7 0  |8 A  |9 219758  |a BIBEDU  |b BIBEDU  |d 2019-11-15  |i 2884550  |o Ar861.09 CUR 1987  |p 2884550  |r 2019-11-15  |w 2019-11-15  |y BK  |k LIT